00478 2200181 4500001002100000005001500021008004100036020002200077035001900099041000700118082001200125090001700137100001900154245004700173260004300220300001800263650001500281INLIS00000000001140620241224114156241224||||||||| | ||| |||| || |  a978-979-27-3985-5 0010-1224011406 aid0 a004.678 a004.678PAN a0 aPambudi Wibowo00aABGseries Asyiknya Berinternet Pake Ponsel aJakartabPt Elex Media Komputidoc2008 a85hlm;14x21cm 0aKarya Umum